000 01525nam a22002057a 4500
999 _c60653
_d60653
003 Ge_BSU
005 20231003105222.0
008 231003s2023 ge ||||| |||| 00| 0 geo d
041 _ageo
080 _a94 გ-14
100 _aგაგუა, თეა
_919977
245 _aრუსეთის იმპერიის სოციალურ-ეკონომიკური პოლიტიკა ქუთაისის გუბერნიაში 1846-1917 წლებში (საბანკო-საფინანსო საქმის ისტორიიდან) :
_bდისერტაცია /
_cთეა გაგუა; სამეცნიერო ხელმძღვანელები: ჯემალ კარალიძე, სულხან კუპრაშვილი; ბსუ. ჰუმანიტარულ მეცნიერებათა ფაკულტეტი, არქეოლოგიისა და ეთნოლოგიის დეპარტამენტი.
264 _aბათუმი,
_c2023.
300 _a128 გვ.;
_b30 სმ.
504 _aბიბლიოგრ. გვ. 125-128
653 _aისტორია
700 _aკარალიზე, ჯემალ
_eსამეცნიერო ხელმძღვანელი
_919978
700 _aკუპრაშვილი, სულხან
_eსამეცნიერო ხელმძღვანელი
_911459
942 _2udc
_cDS